Report of the International Conference of Universities : held at Nice, 4th-9th December 1950.

Guardado en:
Detalles Bibliográficos
Autor Corporativo: International Conference of Universities Nice
Formato: Procedimiento de la Conferencia Libro
Lenguaje:English
Publicado: Paris : Internat. Univ. Bureau, 1951.
Materias:
LEADER 00786nam a22001931 4500
001 c000205337
003 CARM
005 20021125002000.0
008 851113s1951 fr 0 eng d
019 1 |a 4156110  |5 LACONCORD2021 
035 |a (OCoLC)10056639  |5 LACONCORD2021 
111 2 0 |a International Conference of Universities  |d (1950 :  |c Nice) 
245 1 0 |a Report of the International Conference of Universities :  |b held at Nice, 4th-9th December 1950. 
260 |a Paris :  |b Internat. Univ. Bureau,  |c 1951. 
650 0 |a Education, Higher. 
852 8 |b CARM  |h A2:AO29A0  |i B06539  |p 0301833  |f BK 
082 0 4 |a 378 
999 f f |i 4a664094-964f-5d3c-9059-5074d82a57b2  |s 6f713e7f-514d-5cb3-b112-96ddf7a94730 
952 f f |p Can circulate  |a CAVAL  |b CAVAL  |c CAVAL  |d CARM 1 Store  |e B06539  |f A2:AO29A0  |h Other scheme  |i book  |m 0301833